Crisis institucional del agua: descripción del modelo jurídico, crítica a la burocracia y necesidad de tribunales especiales
Wedi'i Gadw mewn:
| Prif Awdur: | |
|---|---|
| Fformat: | Llyfr |
| Iaith: | Sbaeneg |
| Cyhoeddwyd: |
Santiago
Ediciones Universidad Católica de Chile
2015
Santiago Centro de Derecho y Gestión de Aguas 2015 |
| Rhifyn: | 1a. ed |
| Pynciau: | |
| Tagiau: |
Ychwanegu Tag
Dim Tagiau, Byddwch y cyntaf i dagio'r cofnod hwn!
|
MARC
| LEADER | 00000cam a2200000 a 4500 | ||
|---|---|---|---|
| 001 | UCD0003 | ||
| 003 | CL-VaPUC | ||
| 008 | 151112e20150700cl |||||||||||||||||spa|d | ||
| 020 | |a 9789561416260 | ||
| 082 | 0 | 4 | |a 346.8304691 |b VER |2 21 |
| 100 | 0 | |a Vergara Blanco, Alejandro |e author |9 583001 | |
| 245 | 1 | 0 | |a Crisis institucional del agua: descripción del modelo jurídico, crítica a la burocracia y necesidad de tribunales especiales |
| 250 | |a 1a. ed | ||
| 300 | |a 225 p | ||
| 942 | |c BK | ||
| 945 | |d 20151112 20:22:00 |a arojas | ||
| 260 | |a Santiago |b Ediciones Universidad Católica de Chile |c 2015 | ||
| 260 | |a Santiago |b Centro de Derecho y Gestión de Aguas |c 2015 | ||
| 650 | 7 | |a DERECHOS DE AGUA |2 CL-VaPUC |9 583002 | |
| 650 | 0 | |a Código de aguas |9 380665 | |
| 650 | 0 | |a Leyes |9 256670 | |
| 650 | 0 | |a Propiedad |9 255268 | |
| 650 | 7 | |a COMUNIDADES DE AGUAS |2 CL-VaPUC |9 388836 | |
| 583 | |a last modification |c 20151112 20:22:00 |k Rodrigo Vera | ||
| 999 | |c 361636 |d 361634 | ||
| 952 | |0 0 |1 0 |3 erb |4 0 |6 346_830469100000000_VER_2015_2015 |7 0 |8 A |9 472239 |a BIBDER |b BIBDER |i 5248752 |l 6 |m 5 |o 346.8304691 VER 2015 2015 |p 5248752 |r 2023-11-06 |s 2023-10-23 |w 2019-11-24 |y BK |z Catalogado en:20151112 |k DER | ||